00900nam a2200229 i 450000100060000000300090000600500170001500700030003200800410003508000210007610000320009724501160012926000460024530000200029150500830031165100270039470000330042170000430045485200340049799900170053195201220054873463ES-MaACL20230906171825.0t|041014s1963 sp ||||1| spa d a94(47)"1917/..."1 aMac Closky, Herbert.97501013aLa dictadura soviética / cMcClosky & Turner ; introducción a la versión española de Gerardo Lagüens. aMadrid : bMorata, c[1963] (fSamarán) a2 v. ; c23 cm.8 aContiene: I. Del imperio al bolchevismo -- II. Del bolchevismo al imperialismo 4aURSS-xHistoria.994691 aTurner, John Elliot.91117361 aLagüens Marquesán, Gerardo.969611 aES-MaACLjC-22716-7 bR.51599 c73463d73463 00104070aATENEOMbATENEOMcMESd2008-01-17eSCl0oC-22716-7p1076894r2023-02-23 00:00:00w2023-02-23yMONOGRAFIA